Nebankové inštitúcie na Slovensku a vo vybraných štátoch EU bakalárska práca

Na minha lista:
Detalhes bibliográficos
Autor principal: Wäldlová, Miriama
Autor Corporativo: Národohospodárska fakulta EU. Katedra bankovníctva a medzinárodných financií
Outros Autores: Klimiková, Mária
Formato: Livro
Idioma:eslovaco
Publicado em: Bratislava 2016
Tags: Adicionar Tag
Sem tags, seja o primeiro a adicionar uma tag!

MARC

LEADER 00000nbm a2200000 4500
001 0219766
005 20161121141324.1
041 0 |a slo 
044 |a SK 
245 1 0 |a Nebankové inštitúcie na Slovensku a vo vybraných štátoch EU  |b bakalárska práca  |c Miriama Wäldlová ; školiteľ: Mária Klimiková 
264 1 |a Bratislava  |c 2016 
300 |a 58 s. 
100 1 |a Wäldlová, Miriama 
700 1 |a Klimiková, Mária 
710 2 |a Národohospodárska fakulta EU. Katedra bankovníctva a medzinárodných financií